000 00601nam a2200193Ia 4500
003 IN-BaIIA
008 211028s9999 xx 000 0 eng d
020 _a3-540-50412-5
040 _cIIA Library
080 _a52(048.1)
_bREV-1
245 0 _aReviews in modern astronomy
_bcosmic chemistry; 1
_cedited by Gerhard Klare
260 _aBerlin
_bSpringer-Verlag
_c1988
300 _avii, 253p.
650 _aAstronomy
_980
650 _aAstronomy and astrophysics thesaurus
650 _aCosmochemistry
_91212
700 _aKlare, Gerhard ed.
_916466
942 _cBK
999 _c9733
_d9733